| 000 | 01039nam a2200205 a 4500 | ||
|---|---|---|---|
| 001 | 49681 | ||
| 005 | 20180714034453.0 | ||
| 008 | 140415s2007 mx 000 0 spa d | ||
| 041 | _aspa | ||
| 082 |
_a972.48 _bPUE |
||
| 100 | 1 | _aPUEBLA. PODER JUDICIAL DEL ESTADO DE PUEBLA | |
| 245 | 1 | 0 |
_aPODER JUDICIAL 2007 A 150 AÑOS DE LA CONSTITUCION DE 1857 : _b(SU ENTORNO POBLANO: LEGISLATIVO-POLITICO-MILITAR). |
| 250 | _a1a ed. | ||
| 260 |
_aMEXICO : _bTRIBUNAL SUPERIOR DE JUSTICIA DEL ESTADO DE PUEBLA, _c2007. |
||
| 300 | _c17.4 x 1.1 x 23. | ||
| 490 | _aLATIN AMERICAN AND LATINO ART AND CULTURE | ||
| 500 | _aCOLECCIÓN PUEBLA | ||
| 520 | _aAL PUBLICAR ESTE LIBRO DE LA CONSTITUCIÓN FEDERAL DE 1857. SU AUTOR NOS HACE VER COMO ESTE DOCUMENTO CONSAGRA JUNTO CON LAS LEYES DE REFORMA EL PENSAMIENTO LLIBERAL MEXICANO COMO SE CONSOLIDA LA REPÚBLICA Y COMO SE HACEN SÓLIDAS LAS INSTITUCIONES JURÍDICO POLÍTICAS DE NUESTRO PAÍS. | ||
| 650 | 1 | 4 |
_aCONSTITUCIONES _xPUEBLA _xDERECHO CONSTITUCIONAL _xPODER JUDICIAL _xPUEBLA |
| 999 |
_c49681 _d49681 |
||